Länder anhand von Haikus erraten - Unsouverän Edition - Statistiken

Allgemein
  • Dieses Quiz wurde 22 mal gespielt
  • Das Durchschnittsergebnis liegt bei 3 aus 12
Antwortstatistiken
Hint Antwort % Korrekt
Eisberge schweigen stolz, Nordlichter tanzen leise, Arktische Weite. Grönland
81%
Korallengärten blühen, Geheimnisvolle Dreieck lockt, Rosa Sandstrände. Bermuda
31%
Neonlichter erleuchten, Skyline streckt sich in die Höh'n, Kultureller Rhythmus. Hong Kong
31%
Weites Land der Wüste, Sanddünen im Sonnenlicht, Freiheit strebt empor. Westsahara
31%
Winde wehen wild, Pinguine tanzen am Strand, Einsamkeit regiert. Falklandinseln
19%
Nebel umhüllt die Felsen, Wellen singen ihre Lieder, Einsame Schönheit. Färöer
19%
Moai wachen stumm, Wellen umspielen die Küste, Uralte Geheimnisse. Osterinseln
19%
Türkisfarb'nes Wasser glänzt, Palmen wiegen sich am Strand, Karibikträume leben. Anguilla
6%
Dschungelvögel singen, Goldene Moscheen funkeln, Geheimnisvolles Land. Brunei
6%
Korallenriffe blühen, Tropensonne brennt im Himmel, Chamorro-Kultur. Guam
6%
Klippen ragen hoch, Kanäle flüstern Geschichten, Inselträume wehen. Guernsey
6%
Palmen wiegen sich sanft, Kokosnüsse fallen leise, Tropenruhe herrscht. Kokosinseln
6%
Keine übereinstimmenden Quizze gefunden
Verteilung der Resultate
Anzahl Personen mit jedem Resultat
Perzentil nach korrekt beantworteten Fragen
Ihre Resultats-Entwicklung
Sie haben dieses Quiz noch nicht gespielt